000 00500nam a2200145Ia 4500
008 140724s9999 xx 000 0 und d
050 _aQA 76.9.S88
_b.F385 2012
100 _aFerrer, Kenneth Francis D C.
245 _aComputerized payroll of D'Frada Company /
_cKenneth Francis D.C. Ferrer.
260 _aLas PiƱas, Philippines :
_bSouthville International School and Colleges,
_cc2012.
300 _a73 p. :
_bill. ;
_c28 cm.
521 _aInformation Technology
942 _cTH
999 _c228710
_d228710